LDR 01379naa#a2200193#i#450# 001 RU\\bibl\123202 005 20260513064905.3 011 ## _a2409-1073 100 ## _a20231220b2023####ek#y0rusy0150####ca 102 ## _aRU 200 1# _aДецентрализованные автономные организации как новый способ управления трансграничной торговлей _eЖурнальная статья 210 1# _aМосква _cФедеральное государственное автономное образовательное учреждение высшего образования Национальный исследовательский университет "Московский институт электронной техники" _d2023 215 ## _a0 с. 608 ## _aЖурнальная статья _2local 675 ## _aМногонациональные, международные предприятия и объединения(совместные предприятия и объединения). 334.726 _aБезопасность, защищённость данных. 004.056 _z 700 #1 _aНенашев _gАлексей Владимирович 700 #1 _aОбухова _gЕлена Александровна 700 #1 _aТрифонов _gИлья Владимирович 856 4# _aesgi-journal.ru _u